| 000 | 00387cam a2200157ua 4500 | ||
|---|---|---|---|
| 003 | OSt | ||
| 008 | 250328b |||||||| |||| 00| 0 eng d | ||
| 020 | _a9788131512258 | ||
| 082 |
_a624.1501 _bDAS/TE |
||
| 100 | 0 | 2 |
_aDas, Braja m. _97375 |
| 245 | 0 | _aTextbook of geotechnical engineering | |
| 250 | _a1. | ||
| 260 |
_c2011. _bCengage Learning, _aNew Delhi |
||
| 300 | _a568p | ||
| 942 | _cBK | ||
| 999 |
_c13591 _d13591 |
||